<?xml version="1.0" encoding="UTF-8"?>
<record
    xmlns:xsi="http://www.w3.org/2001/XMLSchema-instance"
    xsi:schemaLocation="http://www.loc.gov/MARC21/slim http://www.loc.gov/standards/marcxml/schema/MARC21slim.xsd"
    xmlns="http://www.loc.gov/MARC21/slim">

  <leader>01317nam a22002777a 4500</leader>
  <controlfield tag="001">BRCA_9198</controlfield>
  <controlfield tag="003">FranzMayer</controlfield>
  <controlfield tag="005">20220809125543.0</controlfield>
  <controlfield tag="008">220711b        |||||||| |||| 00| 0 spa d</controlfield>
  <datafield tag="020" ind1=" " ind2=" ">
    <subfield code="a">9782072852312</subfield>
  </datafield>
  <datafield tag="040" ind1=" " ind2=" ">
    <subfield code="b">spa</subfield>
    <subfield code="c">MFM</subfield>
  </datafield>
  <datafield tag="041" ind1=" " ind2=" ">
    <subfield code="a">fre</subfield>
  </datafield>
  <datafield tag="050" ind1=" " ind2=" ">
    <subfield code="a">TP925.C63</subfield>
    <subfield code="b">R67 2021</subfield>
  </datafield>
  <datafield tag="100" ind1=" " ind2=" ">
    <subfield code="a">Roque, Georges,</subfield>
    <subfield code="d">1951-</subfield>
    <subfield code="e">autor.</subfield>
    <subfield code="9">4514</subfield>
  </datafield>
  <datafield tag="245" ind1="1" ind2="3">
    <subfield code="a">La cochenille, de la teinture &#xE0; la peinture : </subfield>
    <subfield code="b">Une histoire mat&#xE9;rielle de la couleur / </subfield>
    <subfield code="c">George Roque</subfield>
  </datafield>
  <datafield tag="260" ind1=" " ind2=" ">
    <subfield code="a">Francia : </subfield>
    <subfield code="b">Gallimard, </subfield>
    <subfield code="c">2021</subfield>
  </datafield>
  <datafield tag="300" ind1=" " ind2=" ">
    <subfield code="a">325 p. : </subfield>
    <subfield code="b">il. col. ;</subfield>
    <subfield code="c">16 x 22 cm. </subfield>
  </datafield>
  <datafield tag="490" ind1=" " ind2=" ">
    <subfield code="a">Art et artistes</subfield>
  </datafield>
  <datafield tag="500" ind1=" " ind2=" ">
    <subfield code="a">Ubicaci&#xF3;n: L60-N1</subfield>
  </datafield>
  <datafield tag="500" ind1=" " ind2=" ">
    <subfield code="a">Incluye im&#xE1;genes de piezas del Museo Franz Mayer (pp. 37, 152, 192)</subfield>
  </datafield>
  <datafield tag="520" ind1=" " ind2=" ">
    <subfield code="a">El libro de Georges Roque, uno de los mayores especialistas mundiales en color en el arte, est&#xE1; dedicado al pigmento rojo extra&#xED;do de la cochinilla, un insecto hem&#xED;ptero que los pintores utilizaron a partir de la segunda mitad del siglo XVI para remontarse a la creaci&#xF3;n de este color que, como otros de la Edad Media, se obten&#xED;a mediante la preparaci&#xF3;n, la molienda de insectos, plantas, minerales o moluscos.</subfield>
  </datafield>
  <datafield tag="650" ind1=" " ind2=" ">
    <subfield code="a">Historia</subfield>
    <subfield code="x">Cochinilla</subfield>
    <subfield code="x">Colores</subfield>
    <subfield code="9">28438</subfield>
  </datafield>
  <datafield tag="650" ind1=" " ind2=" ">
    <subfield code="a">Tintes y te&#xF1;ido</subfield>
    <subfield code="x">Rojo</subfield>
    <subfield code="x">Colores</subfield>
    <subfield code="x">Historia</subfield>
    <subfield code="9">28439</subfield>
  </datafield>
  <datafield tag="942" ind1=" " ind2=" ">
    <subfield code="2">lcc</subfield>
    <subfield code="c">B</subfield>
  </datafield>
  <datafield tag="999" ind1=" " ind2=" ">
    <subfield code="c">10817</subfield>
    <subfield code="d">10817</subfield>
  </datafield>
  <datafield tag="952" ind1=" " ind2=" ">
    <subfield code="0">0</subfield>
    <subfield code="1">0</subfield>
    <subfield code="2">lcc</subfield>
    <subfield code="4">0</subfield>
    <subfield code="7">0</subfield>
    <subfield code="a">BRCA</subfield>
    <subfield code="b">BRCA</subfield>
    <subfield code="d">2022-07-11</subfield>
    <subfield code="l">0</subfield>
    <subfield code="o">TP925.C63 R67 2021</subfield>
    <subfield code="p">CONT9971</subfield>
    <subfield code="r">2022-07-11 00:00:00</subfield>
    <subfield code="w">2022-07-11</subfield>
    <subfield code="y">B</subfield>
  </datafield>
</record>
